Fr. Conceicao Rodrigues College of Engineering

Foundation of Electromagnectic Theory (Record no. 35081)

MARC details
000 -LEADER
fixed length control field 00328nam a2200133Ia 4500
082 ## - DEWEY DECIMAL CLASSIFICATION NUMBER
Classification number 530.141
100 ## - MAIN ENTRY--PERSONAL NAME
Personal name Reitz/ J.R./ Christy/ R.W.
245 ## - TITLE STATEMENT
Title Foundation of Electromagnectic Theory
260 ## - PUBLICATION, DISTRIBUTION, ETC.
Name of publisher, distributor, etc. Narosa Pub House
Place of publication, distribution, etc. New Delhi
Date of publication, distribution, etc. 1993
546 ## - LANGUAGE NOTE
Language note ENGLISH
654 ## - SUBJECT ADDED ENTRY--FACETED TOPICAL TERMS
Focus term Electromagnectic Theory
942 ## - ADDED ENTRY ELEMENTS (KOHA)
Koha item type BOOK
Holdings
Withdrawn status Lost status Damaged status Not for loan Collection Home library Current library Date acquired Source of acquisition Cost, normal purchase price Inventory number Total Checkouts Full call number Barcode Date last seen Cost, replacement price Price effective from Koha item type
        CRC Fr. Agnel's C.Rodrigues College of Engineering Fr. Agnel's C.Rodrigues College of Engineering 17/03/2023 Narosa books 110.00 8669 dt 30.11.93   530.141 4971 17/03/2023 110.00 30/11/1993 BOOK